000 00438cam a22001217a 4500
008 180718b1965 xxu||||| |||| 00| 0 eng d
082 _aA81x54 In2/61/13/PTIC/1
100 _aCensus of India 1961
245 _aPunjab: subsidiary tables relating to general population and general economic tables
260 _aDelhi
_bThe Manager of Publications
_c1965
300 _a477+p.
440 _aCensus of India 1961. Volume XIII, Punjab. Part-IC (i)
999 _c484358
_d484358